| 000 | 01178nam a2200265Ia 4500 | ||
|---|---|---|---|
| 003 | OSt | ||
| 005 | 20220930094825.0 | ||
| 006 | a|||||r|||| 00| 0 | ||
| 007 | ta | ||
| 008 | 220926b |||||||| |||| 00| 0 hin d | ||
| 024 | _a20541 | ||
| 037 | _cTheses | ||
| 040 |
_aCRL _cCRL _bhin |
||
| 041 |
_2hin _ahin |
||
| 100 | _aरवि प्रभात | ||
| 110 |
_aदिल्ली विश्वविद्यालय. कला संकाय. संस्कृत विभाग _9556377 |
||
| 245 | 0 | _aकालसमुद्देश एवं न्याय-वैशेषिक में काल का तुलनात्मक अध्ययन | |
| 246 | _aKālasamuddesh evan nyāya-vaisheṣhik mean kāl kā tulanātmak adhyayana | ||
| 260 | _c2013 | ||
| 650 | _aसंस्कृत साहित्य | ||
| 700 | _a डॉ. श्रीवत्स, गा. | ||
| 700 |
_aदिल्ली विश्वविद्यालय. कला संकाय. संस्कृत विभाग _9556378 |
||
| 942 |
_cDIS _2CC |
||
| 999 |
_c887731 _d887731 |
||